Datum a čas kvízu
38
Celkem bodů
Celkový počet nahraných bodů na tomto kvízu bez doplňovacích otázek.
10.
Pořadí na kvízu
Konečné umístění týmu na tomto kvízu.
Zaznamenané odpovědi
| # | Otázka | Odpověď | Body | Výsledky |
|---|---|---|---|---|
| 1. | Která česká politička se stala... | Markéta Pekarová-Adamová | 0 | |
| 2. | Parlament jednoho evropského s... | Německo | 1 | |
| 3. | Ve čtvrtek měl v českých kinec... | Mizerové: Na život a na smrt | 1 | |
| 4. | Minulý týden byl v Praze k vid... | Tesla Cybertuck | 0 | |
| 5. | Mezinárodní hokejová federace... | chránič krku | 1 | |
| 6. | Dostanete vždy pět indicií, kt... | Anna Kareninová/Karenina | 1 | |
| 7. | Irsko – Homér – Bloom – jeden... | Odysseus | 0 | |
| 8. | Nashville – Felis – žár – Puli... | Kočka na rozpálené plechové střeše | 1 | |
| 9. | Roman – okupace – Tibet – Lakm... | Spalovač mrtvol | 0 | |
| 10. | Karviná – kronika – sv. Petr... | Šikmý kostel | 0 |